| 000 | 00662nam a22002297a 4500 | ||
|---|---|---|---|
| 999 |
_c2463 _d2463 |
||
| 001 | 8414 | ||
| 003 | BD-DhUAP | ||
| 005 | 20200225105659.0 | ||
| 008 | 200225s sp a|||| |||| 00| 0 eng d | ||
| 020 | _a8489861927 | ||
| 020 | _a8495275880 | ||
| 040 |
_aBD-DhUAP _bEng _cBD-DhUAP _dBD-DhUAP |
||
| 082 |
_223 _a711.4 MOS |
||
| 100 | _aMostaedi, Arian. | ||
| 245 |
_aUrban spaces / _cArian Mostaedi. |
||
| 260 |
_aBarcelona : _bCarles Broto & Josep, _c[...?]. |
||
| 300 |
_a239 pages : _billustrations ; _c32 cm. |
||
| 650 | _aPedestrian facilities design. | ||
| 650 |
_aArchitecture _v Psychological aspects. |
||
| 650 | _aPublic spaces. | ||
| 942 |
_2ddc _cBK |
||